000 00603nam a22001937a 4500
005 20251108170755.0
008 250721s1997 xx 000 0 ara d
082 1 4 _a304.6/موم
100 1 _aالمومني، محمد أحمد
245 1 0 _aالسكان و التربية و التنمية في الوطن العربي /
264 1 _aعمان :
_bدار طارق،
_c1997.
300 _a176ص
650 1 7 _aتنظيم الأسرة
650 1 7 _aالسكان
650 1 7 _aالبلدان العربية
650 1 7 _aالتنمية الإقتصادية
942 _2ddc
_cBK
999 _c48676
_d48676